LEADER 01403nam0-22004091i-450- 001 990005537000203316 005 20050719120000.0 035 $a000553700 035 $aUSA01000553700 035 $a(ALEPH)000553700USA01 035 $a000553700 100 $a20050719d1970-------|0itac50------ba 101 $aita 102 $aIT 105 $a|||| ||||| 200 1 $a<<1: >> Lavori da idraulico, da lattoniere, da tornitore e da elettricista, manutenzione delle macchine agricole$fMario Sarti, Athos Evangelisti 210 $aBologna$cUniversale edagricole$dc1970 215 $aIII, 80 p.$cill.$d20 cm. 225 2$aUniversale Edagricole$v39 410 1$12001$aUniversale Edagricole$v39 606 $aOfficine meccaniche rurali$2FI 620 $dBologna 676 $a631.309$cAttrezzi agricoli - Antichità - Studi$v21 700 1$aSARTI,$bMario$0353889 701 1$aEVANGELISTI,$bAthos$071375 712 $aEdagricole 801 $aIT$bSOL$c20120104 912 $a990005537000203316 950 $aDIP.TO SCIENZE ECONOMICHE - (SA)$dDS 600 631.3 SAR$e1171 DISES 951 $a600 631.3 SAR$b1171 DISES 959 $aBK 969 $aDISES 979 $c20121027$lUSA01$h1533 979 $c20121027$lUSA01$h1613 996 $aLavori da idraulico, da lattoniere, da tornitore e da elettricista, manutenzione delle macchine agricole$91130762 997 $aUNISA NUM $aUSA15878 LEADER 02103oam 2200493 450 001 9910715376103321 005 20210322171555.0 035 $a(CKB)5470000002510271 035 $a(OCoLC)1237710239 035 $a(EXLCZ)995470000002510271 100 $a20210217d2021 ua 0 101 0 $aeng 135 $aurbn||||a|||| 181 $ctxt$2rdacontent 182 $cc$2rdamedia 183 $acr$2rdacarrier 200 10$aBlocking property with respect to the situation in Burma $ecommunication from the President of the United States, transmitting an executive order declaring a national emergency with respect to the unusual and extraordinary threat to the national security and foreign policy of the United Sates posed by the situation in Burma, pursuant to 50 U.S.C. 1701 et seq.; 50 U.S.C. 1601 et seq.; 8 U.S.C. 1182(f); and 3 U.S.C. 301 210 1$aWashington :$cU.S. Government Publishing Office,$d2021. 215 $a1 online resource (6 pages) 225 1 $aHouse document / 117th Congress, 1st session ;$v117-13 300 $a"Referred to the Committee on Foreign Affairs." 300 $a"February 15, 2021." 517 $aBlocking property with respect to the situation in Burma 606 $aPolitical stability$zBurma$xInternational cooperation 606 $aElections$zBurma 606 $aHuman rights$zBurma 606 $aNational security$zUnited States 607 $aBurma$xPolitics and government$y1988- 607 $aBurma$xEthnic relations 607 $aUnited States$xForeign relations$zBurma 607 $aBurma$xForeign relations$zUnited States 608 $aLegislative materials.$2lcgft 615 0$aPolitical stability$xInternational cooperation. 615 0$aElections 615 0$aHuman rights 615 0$aNational security 702 $aBiden$b Joseph R.$cJr., 712 02$aUnited States.$bCongress.$bHouse.$bCommittee on Foreign Affairs, 801 0$bGPO 801 1$bGPO 906 $aBOOK 912 $a9910715376103321 996 $aBlocking property with respect to the situation in Burma$93494169 997 $aUNINA